| 000 | 00399 a2200121 4500 | ||
|---|---|---|---|
| 001 | ART_10024 | ||
| 005 | 20260410161839.0 | ||
| 008 | 260409a | ||
| 245 | 1 | 0 | _aConcepto y tratamiento contable de los sobreprecios de inflación |
| 100 | 1 | _aLuppi, Hugo Alberto | |
| 700 | 1 | _aMatheu, Luis María | |
| 773 | 0 |
_tContabilidad y administración _g- Año 7, Nº 80 (feb. 1984) _wREV5485 |
|
| 999 |
_c23963 _d23963 |
||